banner-ar

كتاب تاويل مختلف الحديث فى الرد على اعداء اهل الحديث : (Record no. 31335)

MARC details
000 -الفاتح
حقل البيانات ثابتة الطول 00985nam a2200181Ia 4500
008 - عناصر البيانات ثابتة الطول - معلومات عامة
حقل البيانات ثابتة الطول 140319s9999 xx 000 0 ara d
040 ## - مصدر الفهرسة
وكالة الفهرسة الأصلية GCL /
وكالة النسخ GCL
082 04 - رقم تصنيف ديوى العشرى
رقم التصنيف 243.81
رقم المادة ق ت
100 1# - المدخل الرئيسى - إسم شخصى
الإسم الشخصى ابن قتيبة الدينورى : ابو محمد عبد الله بن مسلم
245 10 - بيان العنوان
العنوان كتاب تاويل مختلف الحديث فى الرد على اعداء اهل الحديث :
بقية العنوان و الجمع بين الاخبار التى ادعو عليها التناقض و الاختلاف و الجواب عما اوردوه من الشبه على بعض الاخبار المتشابهة او المشكلة بادئ الراى /
بيان المسئوليه,etc ابن قتيبة الدينورى : ابو محمد عبد الله بن مسلم
300 ## - الوصف المادى
التعداد 256 ص ؛
أبعاد الوعاء 24 سم
490 ## - بيان السلسلة
عنوان السلسلة
650 04 - المدخل الاضافى بالموضوع-مصطلح موضوعى
مصطلح موضوعي الحديث - الجرح والتعديل
650 04 - المدخل الاضافى بالموضوع-مصطلح موضوعى
مصطلح موضوعي الحديث - المؤتلف و المختلف
942 ## - عناصر المدخل الإضافي( كوها)
مصدر التصنيف او مخطط الترفيف Dewey Decimal Classification
Koha [default] item type كتاب
260 ## - PUBLICATION, DISTRIBUTION, ETC. (IMPRINT)
-- القاهرة :
-- مكتبة المتنبى
Holdings
حالة التراجع حالة الفقد حالة تلف ليس للاعارة المكان المؤقت الموقع الحالى تاريخ الاكتساب اجمالي اﻻعارات رقم الطلب الباركود تاريخ اخر مشاهدة تاريخ تفعيل السعر نوع وعاء كوها
        مكتبة القاهرة الكبرى مكتبة القاهرة الكبرى 03/26/2014   243.81\ ق ت 73228 03/26/2014 03/26/2014 كتاب
        مكتبة القاهرة الكبرى مكتبة القاهرة الكبرى 03/26/2014   243.81\ ق ت 73229 03/26/2014 03/26/2014 كتاب
        مكتبة القاهرة الكبرى مكتبة القاهرة الكبرى 03/26/2014   243.81\ ق ت 73230 03/26/2014 03/26/2014 كتاب

Powered By

EGPV